000 00740nam a2200193 i 4500
001 95204
003 ES-MaACL
005 20250624193036.0
007 t|
008 050524s1919 fr ||||1| fre d
100 1 _aLuquet, Alexandre.
_974838
245 1 0 _aUne grande réforme sociale, la Loi des "Huit Heures"
_b: a qui et comment elle s'applique : ce que chaque salarié doit savoir /
_cAlexandre Luquet ; préface de Léon Blum, avec le texte complet de la Loi.
260 _aParis :
_bLibrairés du Parti Socialiste et de L'Humanité,
_c1919.
300 _a33 p. ;
_c18 cm.
650 _aJornada laboral-
_zFrancia.
_9150140
700 1 _aBlum, Léon,
_d1872-1950
_929583
852 _aES-MaACL
_j1578-F-20
999 _c95204
_d95204